Consumidores /
Guardado en:
| Autor Principal: | |
|---|---|
| Formato: | Libro |
| Idioma: | Spanish |
| Publicado: |
Santa Fe :
Rubinzal Culzoni,
2009.
|
| Edición: | 2a. ed. |
| Materias: | |
| Etiquetas: |
Agregar Etiqueta
Sin Etiquetas, Sea el primero en etiquetar este registro!
|
| LEADER | 00917nam a22001935a 4500 | ||
|---|---|---|---|
| 001 | DER.der009715 | ||
| 008 | 180615s2009####ag#||||||||||||||#||spa|| | ||
| 005 | 20251202132456.0 | ||
| 245 | 1 | 0 | |a Consumidores / |c Ricardo Luis Lorenzetti |
| 250 | |a 2a. ed. | ||
| 260 | |a Santa Fe : |b Rubinzal Culzoni, |c 2009. | ||
| 300 | |a 684 p. | ||
| 500 | |a Prácticas comerciales, marketing, publicidad, información - Responsabilidad precontractual - Celebración e interpretación del contrato - Protección contraual - Compraventa, tiempo compartido, Turismo, Medicina privada - Protección del crédito y contratos bancarios - Responsabilidad por daños - Servicios públicos - Instrumentos de protección. | ||
| 020 | |a 9789873000270 | ||
| 100 | 1 | |a Lorenzetti, Ricardo Luis | |
| 700 | 1 | |a Picasso, Sebastián, |e col. | |
| 700 | 1 | |a Wajntraub, Javier H., |e col. | |
| 650 | 7 | |a DERECHO DEL CONSUMIDOR | |
| 859 | |a DERECHO |b BIB. DERECHO |h 343.071 |i LOR |p 006332 | ||
